000 01823cam a22004455i 4500
999 _c25731
_d25703
001 14282179
003 EG-ScBUE
005 20200104113907.0
006 i||z|f ||h 00|
008 060301r20052000enka f 000 0 eng d
020 _a9780521775311 (student's book)
020 _a100521775310 (student's book)
020 _a9780521775304 (Cassette set)
020 _a0521775302 (Cassette set)
040 _aDLC
_beng
_erda
_cDLC
_dDLC
_dEG-ScBUE
082 0 4 _a428.24076
_bCAM
_222
245 0 0 _aCambridge IELTS.
_n2 :
_bexamination papers from the University of Cambridge local examinations syndicate.
246 3 4 _aCambridge IELTS :
_bexamination papers from the University of Cambridge local examinations syndicate : with answers edition
250 _aNinth printing.
264 1 _aCambridge :
_bCambridge University Press,
_c2005.
300 _avolume 2 :
_billustrations ;
_c25 cm. +
_e1 cassette
336 _atext
_btxt
_2rdacontent
336 _aspoken word
_bspw
_2rdacontent
337 _aunmediated
_bn
_2rdamedia
337 _aaudio
_bs
_2rdamedia
338 _avolume
_bnc
_2rdacarrier
338 _aaudiocassette
_bss
_2rdacarrier
490 0 _aCambridge books for Cambridge exams
500 _aFirst published 2000.
650 7 _aInternational English Language Testing System
_vStudy guides.
_2BUEsh
_913550
650 7 _aEnglish language
_vExaminations, questions, etc.
_2BUEsh
650 7 _aEnglish language
_vTextbooks for foreign speakers.
_2BUEsh
650 7 _aEnglish language
_vSound recordings for foreign speakers.
_2BUEsh
_936029
650 7 _aEnglish language
_vStudy and teaching as a second language.
_2BUEsh
650 7 _aEnglish language
_xStudy and teaching
_xForeign speakers.
_2BUEsh
651 _2BUEsh
653 _bHHUUEENN
_cJuly2019
655 _vReading book
942 _2ddc
_cBB